Statistics for Pokémon names that end with W

Click here to take the quiz!

General Stats

  • This quiz has been taken 40 times
    (29 since last reset)
  • The average score is 11 of 15

Answer Stats

GenPokémon% Correct
ISpearow
100%
IFearow
100%
IVGlameow
88%
IVHonchkrow
75%
IIMurkrow
75%
IIISwellow
75%
IIITaillow
75%
VAxew
63%
IVBudew
63%
IICroconaw
63%
VIIIDrednaw
63%
VIIMarshadow
63%
IMew
63%
ISandshrew
63%
IVAbomasnow
50%

Score Distribution

Percentile by Number Answered

Percent of People with Each Score

Your Score History

You have not taken this quiz since the last reset